000
00207nam a2200085Ia 4500
008
170620s9999 xx 000 0 und d
100
_a
Reddi Rama
245
0
_a
Judicial Office's Exmination
260
_b
Universal Law Pub.
260
_c
2006
999
_c
29044
_d
29044